Environment fate and safety management of agrochemicals (Record no. 42151)

MARC details
000 -LEADER
fixed length control field 01079nam a2200241 a 4500
008 - FIXED-LENGTH DATA ELEMENTS--GENERAL INFORMATION
fixed length control field 071126s2005 ||||||||||||||||| || u
020 ## - INTERNATIONAL STANDARD BOOK NUMBER
International Standard Book Number 084123910X
050 ## - LIBRARY OF CONGRESS CALL NUMBER
Classification number TD 196.P38 Pan
100 ## - MAIN ENTRY--PERSONAL NAME
Personal name Clark, J. Marshall
245 10 - TITLE STATEMENT
Title Environment fate and safety management of agrochemicals
Statement of responsibility, etc. edited by J. Marshall Clark; Hideo Ohkawa
260 ## - PUBLICATION, DISTRIBUTION, ETC.
Place of publication, distribution, etc. Washington, D. C.
Name of publisher, distributor, etc. American Chemical Society
Date of publication, distribution, etc. 2005
300 ## - PHYSICAL DESCRIPTION
Extent x, 357p.: ill.
350 ## - PRICE (NR) (BK AM CF MU VM SE) [OBSOLETE]
Price 0.00
490 ## - SERIES STATEMENT
Series statement ACS symposium series
490 ## - SERIES STATEMENT
Volume/sequential designation 899.
500 ## - GENERAL NOTE
General note Papers presented at the 3rd Pa-Pacific Confrence on Pesticide science, held June 1-4, 2003in Honolulu, Hawaii.
650 ## - SUBJECT ADDED ENTRY--TOPICAL TERM
Topical term or geographic name entry element AGRICULTURAL CHEMICALS--ENVIRONMENTAL ASPECTS--CONGRESSES
650 #0 - SUBJECT ADDED ENTRY--TOPICAL TERM
Topical term or geographic name entry element CHEMISTRY--HANDBOOKS, MANUALS, ETC
650 ## - SUBJECT ADDED ENTRY--TOPICAL TERM
Topical term or geographic name entry element PESTICIDES--SAFETY MEASURES--CONGRESSES
650 ## - SUBJECT ADDED ENTRY--TOPICAL TERM
Topical term or geographic name entry element PESTICIDES--ENVIRONMENTAL ASPECTS--CONGRESSES
700 ## - ADDED ENTRY--PERSONAL NAME
Personal name Ohkawa, Hideo
995 ## - RECOMMENDATION 995 [LOCAL, UNIMARC FRANCE]
-- 0.00
-- CBU-MAIN LIBRARY (Kitwe)
-- 1
-- 0.00
-- 1
-- AVAILABLE
-- Nov 26, 2007
-- Main Library Open Access Collection
Holdings
Withdrawn status Lost status Source of classification or shelving scheme Damaged status Not for loan Home library Current library Shelving location Date acquired Total Checkouts Full call number Barcode Date last seen Price effective from Koha item type
          CBU-MAIN LIBRARY, KITWE. CBU-MAIN LIBRARY, KITWE.   11/30/2022   TD 196.P38 Pan 738106 11/30/2022 11/30/2022 MONOGRAPH